| 000 | 02157nam a2200397 c 4500 | ||
|---|---|---|---|
| 003 | BLK | ||
| 005 | 20230817163249.0 | ||
| 008 | 180411b bul|||||r ||||||| ||bul|| | ||
| 010 | _aKNG00214915000 | ||
| 040 | _aBLK | ||
| 041 |
_aBUL _cBUL |
||
| 080 |
_aАмериканска литература (на САЩ) _b821.111(73) _x-312.6 _z821.111(73)-312.6 |
||
| 080 |
_aЕволюционно учение. Дарвинизъм. Видообразуване. Филогенез - Борба за съществуване, изолация, адаптация, отбор и др. Биомакромолекули, молекулярна еволюция, клетки и субклетъчни структури, тъ _b575.8 _x(410)(092)(0:82-31) _z575.8(410)(092)(0:82-31) |
||
| 080 |
_aАнглийски учен и естественик _b929 Дарвин, Чарлз Робърт _x _z929 Дарвин, Чарлз Робърт |
||
| 100 | 1 |
_aСтоун, Ървинг _eпърви автор _9283470 |
|
| 700 | 1 |
_aЕвгениева, Мадлена _eпрев. от англ. _9332083 |
|
| 139 |
_aСтоун, Ървинг _bС 82 |
||
| 245 | 1 | 0 |
_aПроизходът _bРоманизирана биогр. на Чарлс Дарвин : Ч. 1 - _cЪрвинг Стоун; прев. от англ. Мадлена Евгениева. _nЧ. 1 _pСухоземец |
| 257 | _aUSA | ||
| 260 |
_аСофия _bПартиздат _c1987 - |
||
| 300 | _c22 см | ||
| 380 | _aX | ||
| 500 | _aОриг. загл. The Origin / Irving Stone. - 40 110 тир. | ||
| 600 | 1 | 4 |
_aДарвин, Чарлз Робърт _9371009 |
| 650 | 4 |
_aДарвин, Чарлз Робърт _9371009 |
|
| 651 | 4 |
_aВеликобритания _9178698 |
|
| 653 | _aЧарлз Дарвин | ||
| 653 | _aроманизувани биографии | ||
| 760 | 1 |
_aСтоун, Ървинг _d1987 _h391 с. _tЧ. 1 Сухоземец |
|
| 852 | _aЦб 146284 | ||
| 856 | 4 |
_qpdf _u |
|
| 856 | 4 |
_qpdf _u |
|
| 942 |
_cKNG _n0 _05 |
||
| 944 |
_aCR _c16.12.2017 _lМартин Енчев _k30575 |
||
| 944 |
_aED _c19.02.2018 _lф / _kЛюдмила_Стоянова |
||
| 999 |
_c205310 _d205310 |
||